Manual de literatura hispanoamericana / (Registro nro. 40218)
[ vista simple ]
| 000 -CABECERA | |
|---|---|
| campo de control de longitud fija | 00864nam a2200181 a 4500 |
| 001 - NÚMERO DE CONTROL | |
| campo de control | 000040728 |
| 005 - FECHA Y HORA DE LA ÚLTIMA TRANSACCIÓN | |
| campo de control | 20201002034333.0 |
| 008 - DATOS DE LONGITUD FIJA--INFORMACIÓN GENERAL | |
| campo de control de longitud fija | 130905s2011 sp 001 0 spa d |
| 020 ## - NÚMERO INTERNACIONAL ESTÁNDAR DEL LIBRO | |
| Número Internacional Estándar del Libro | 9788496634657 |
| 040 ## - FUENTE DE LA CATALOGACIÓN | |
| Centro catalogador/agencia de origen | DO-SdBNP |
| Lengua de catalogación | spa |
| Centro/agencia transcriptor | VBPHU |
| 245 10 - MENCIÓN DE TÍTULO | |
| Título | Manual de literatura hispanoamericana / |
| Mención de responsabilidad, etc. | Felipe B. Pedraza Jiménez, coordinador. |
| 260 ## - PUBLICACIÓN, DISTRIBUCIÓN, ETC. | |
| Lugar de publicación, distribución, etc. | Navarra, España : |
| Nombre del editor, distribuidor, etc. | Cenlit, Ediciones, |
| Fecha de publicación, distribución, etc. | 2011. |
| 300 ## - DESCRIPCIÓN FÍSICA | |
| Extensión | v. ; |
| Dimensiones | 21 cm. |
| 500 ## - NOTA GENERAL | |
| Nota general | La biblioteca posee el v. 5 y 7 |
| 500 ## - NOTA GENERAL | |
| Nota general | Incluye índice |
| 505 0# - NOTA DE CONTENIDO CON FORMATO | |
| Información miscelánea | V. 1: |
| Título | Época virreinal.l |
| Información miscelánea | V. 2, |
| Título | Siglo XIX. |
| Información miscelánea | V. 3, |
| Título | Modernismo -- |
| Información miscelánea | V 4, |
| Título | Las Vanguardias. -- |
| Información miscelánea | V 5, |
| Título | La época contemporanea: introducción, teatro y poesía -- |
| Información miscelánea | V 6, |
| Título | La época contemporanea: prosa.-- |
| Información miscelánea | V 7, |
| Título | Cronología. Indice de títulos. Indice de autores y obras anónimas. Indice-- genera |
| 700 1# - PUNTO DE ACCESO ADICIONAL--NOMBRE DE PERSONA | |
| Nombre de persona | Pedraza Jiménez, Felipe B. |
| Fechas asociadas al nombre | 1953- |
| 9 (RLIN) | 67124 |
| Estado de retiro | Estado de pérdida | Restricciones de uso | No para préstamo | Código de colección | Localización permanente | Ubicación/localización actual | Ubicación en estantería | Fecha de adquisición | Número de inventario | Total de préstamos | Signatura topográfica completa | Código de barras | Fecha visto por última vez | Precio válido a partir de | Tipo de ítem Koha |
|---|---|---|---|---|---|---|---|---|---|---|---|---|---|---|---|
| Excluido de préstamo | Monografías: Libros y Folletos | General | General | En catalogación | 05.09.2013 | LF1 | v. 5 | 40728-10 | 25.06.2020 | 25.06.2020 | No se presta | ||||
| Excluido de préstamo | Monografías: Libros y Folletos | General | General | En catalogación | 05.09.2013 | LF1 | v. 7 | 40728-20 | 25.06.2020 | 25.06.2020 | No se presta |
